Knowledge Management Systems Theory and Practice
| Main Author: | |
|---|---|
| Format: | Book |
| Published: |
Australia :
Thomson Learning ,
2002
|
| Subjects: |
MARC
| LEADER | 00000cam a2200000 7i4500 | ||
|---|---|---|---|
| 001 | 0000012688 | ||
| 005 | 20050418.0 | ||
| 020 | |a 1861526164 | ||
| 040 | |a INS | ||
| 090 | 0 | 0 | |a T58.6.T475 2802 |b B2611 2002 |
| 100 | 1 | |a Barnes, Stuart | |
| 245 | 1 | 0 | |a Knowledge Management Systems Theory and Practice |c Stuart Barnes |
| 260 | |a Australia : |b Thomson Learning , |c 2002 | ||
| 300 | |a vi : |b 252p ; |c 23cm. | ||
| 650 | 0 | 0 | |a Management information systems |
| 999 | |a 0000009283 |b BOOK |c Open Shelf |e Default branch | ||